Evaluación y gestión de la calidad educativa: un enfoque metodológico
-д хадгалсан:
| Үндсэн зохиолч: | |
|---|---|
| Формат: | Ном |
| Хэл сонгох: | испани |
| Хэвлэсэн: |
Málaga
Ediciones Aljibe
2000
|
| Хэвлэл: | 1a. ed |
| Цуврал: | Colección Biblioteca de Educación
|
| Нөхцлүүд: | |
| Шошгууд: |
Шошго нэмэх
Шошго байхгүй, Энэхүү баримтыг шошголох эхний хүн болох!
|
MARC
| LEADER | 00000cam a2200000 a 4500 | ||
|---|---|---|---|
| 001 | UCC1185 | ||
| 003 | CL-VaPUC | ||
| 008 | 171006e20000000sp |||||||||||||||||spa|d | ||
| 020 | |a 8495212838 | ||
| 082 | 0 | 4 | |a 371.26 |b GON |2 21 |
| 100 | |a González Ramírez, Teresa |e author |9 595228 | ||
| 245 | 1 | 0 | |a Evaluación y gestión de la calidad educativa: un enfoque metodológico |
| 250 | |a 1a. ed | ||
| 300 | |a 294 p | ||
| 942 | |c BK | ||
| 945 | |d 20171006 11:09:00 |a dcastane | ||
| 260 | |a Málaga |b Ediciones Aljibe |c 2000 | ||
| 650 | 0 | |a Evaluación de la educación |9 237505 | |
| 650 | 0 | |a Planificación del currículo |9 269599 | |
| 650 | 0 | |a Aprendizaje |9 254827 | |
| 583 | |a last modification |c 20171006 11:09:00 |k Rodrigo Vera | ||
| 490 | 0 | |a Colección Biblioteca de Educación | |
| 999 | |c 369755 |d 369753 | ||
| 952 | |0 0 |1 0 |3 erb |4 0 |6 371_260000000000000_GON_2000 |7 0 |8 A |9 485748 |a BIBEDU |b BIBEDU |i 5427169 |o 371.26 GON 2000 |p 5427169 |r 2019-11-24 |w 2019-11-24 |y BK |z Catalogado en:20171006 |k EPE | ||
| 952 | |0 0 |1 0 |3 erb |4 0 |6 371_260000000000000_GON_2000 |7 0 |8 A |9 485749 |a BIBEDU |b BIBEDU |i 5427150 |o 371.26 GON 2000 |p 5427150 |r 2019-11-24 |w 2019-11-24 |y BK |z Catalogado en:20171006 |k EPE | ||